000 00336nam a22001457a 4500
008 221207b ||||| |||| 00| 0 eng d
020 _a9780321794406
041 _aeng
080 _2NINTH EDITION
_a611
082 _a611MAR
100 _a10.2
101 _aANATO
245 _aHUMAN ANATOMY&PHYSIOLOGY
_cMARIEB N E
942 _2udc
_cBK
999 _c59125
_d59125